MARC

LEADER 00000nas a2200000 a 4500
001 ssj0059483
003 WaSeSS
005 20200512172242.0
006 m d
007 cr n
008 980219c19919999sp ar p s 0 0spa
010 |a  98655532  
016 7 |a 009246600  |2 Uk 
022 |l 1132-1873  |y 1132-1873 
035 |a (WaSeSS)ssj0059483 
040 |a DLC  |b eng  |c DLC  |d OCLCQ  |d DLC  |d UKMGB  |d OCLCO  |d OCLCQ  |d OCLCF  |d OCLCO  |d CUS  |d OCLCA  |d OCLCQ  |d WaSeSS 
041 0 |a spa  |b eng 
042 |a pcc 
043 |a e-sp--- 
050 0 0 |a Z671  |b .R44 
245 0 0 |a Revista general de información y documentación  |h [electronic resource] /  |c Escuela Universitaria de Biblioteconomía y Documentación. 
260 |a Madrid :  |b Servicio de Publicaciones, Universidad Complutense 
310 |a Annual,  |b 2008- 
321 |a Two issues a year,  |b -2007 
362 1 |a Began in 1991. 
506 |a License restrictions may limit access. 
546 |a In Spanish; summaries in English. 
588 |a Description based on: Vol. 6, no. 1, published in 1996. 
588 |a Latest issue consulted: Vol. 6, no. 2, published in 1996. 
650 0 |a Information science  |z Spain  |v Periodicals. 
650 0 |a Documentation  |z Spain  |v Periodicals. 
650 0 |a Information services  |z Spain  |v Periodicals. 
650 7 |a Documentation.  |2 fast  |0 (OCoLC)fst00896108 
650 7 |a Information science.  |2 fast  |0 (OCoLC)fst00972640 
650 7 |a Information services.  |2 fast  |0 (OCoLC)fst00972696 
651 7 |a Spain.  |2 fast  |0 (OCoLC)fst01204303 
655 0 |a Electronic journals. 
710 2 |a Universidad Complutense de Madrid.  |b Escuela Universitaria de Biblioteconomía y Documentación. 
850 |a DLC 
856 4 0 |z Full text available from PRISMA Database with HAPI Index: 01/01/2005 to 01/31/2016  |u https://search.proquest.com/publication/85356 
856 4 0 |z Full text available from Research Library: 07/01/2005 to present  |u https://search.proquest.com/publication/54636